César du meilleur acteur - Mort subite - Statistiques

Statistiques générales
  • Ce quiz a été pris 403 fois
    129 depuis la dernière actualisation
  • Le résultat moyen est 5 sur 16
Answers on the Grid
Answers color-coded by a green-red scale on the quiz's grid according to % correct below.
Adrien Brody
Alain Chabat
Albert Dupontel
Alex Lutz
Arieh Worthalter
Benjamin Lavernhe
Benoit Magimel
Coluche
Eric Elmosnino
Fabrice Luchini
François Civil
Gaspard Ulliel
Gerard Jugnot
Guillaume Canet
Jacques Dutronc
Jean Dujardin
Jean Reno
Jean-Pierre Bacri
Karim Leklou
Laurent Lafitte
Louis Garrel
Michel Blanc
Niels Arestrup
Niels Schneider
Omar Sy
Patrick Bruel
Patrick Dewaere
Pierre Niney
Raphaël Quenard
Romain Duris
Roschdy Zem
Swann Arlaud
Tahar Rahim
Vincent Cassel
Vincent Lindon
Yves Montand
 
Statistiques - réponses
Réponse % Correct
2003 Adrien Brody
54%
2022,2023 Benoit Magimel
54%
2017 Gaspard Ulliel
49%
2019 Alex Lutz
46%
1984 Coluche
40%
2011 Eric Elmosnino
40%
2015 Pierre Niney
29%
2024 Arieh Worthalter
26%
1992 Jacques Dutronc
26%
2025 Karim Leklou
26%
2010 Tahar Rahim
20%
2012 Omar Sy
17%
2020 Roschdy Zem
17%
2009 Vincent Cassel
14%
2016 Vincent Lindon
14%
2018 Swann Arlaud
11%
Aucun quiz correspondant
Distribution des résultats
% des personnes avec chaque résultat
Percentile par nombre de réponses
Votre historique - résultats
Vous n’avez pas pris ce quiz depuis la dernière actualisation